[Event "Asian Zonal 3.3 Women 2019"]
[Site "Ulaanbaatar"]
[Date "2019.04.15"]
[Round "9.6"]
[White "Altantuya, Boldbaatar"]
[Black "Sukandar, Irine Kharisma"]
[Result "0-1"]
[WhiteElo "2223"]
[BlackElo "2384"]
[Annotator "TA"]
[PlyCount "78"]
[EventDate "2019.04.07"]
[EventType "swiss"]
[EventRounds "9"]
[EventCountry "MGL"]
[SourceTitle "playchess.com"]
[Source "ChessBase"]
[SourceQuality "1"]

{[%evp 17,78,12,15,4,12,0,14,20,26,-12,-8,-10,-17,-24,47,36,55,57,65,52,81,95,106,6,7,14,12,0,0,0,0,0,4,4,0,0,22,-7,0,0,0,0,9,0,0,0,0,-58,0,-251,-241,-237,-191,-225,-239,-239,-244,-485,-401,-1066,-987,-1157,-1070]} 1. d4 Nf6 2. c4 e6 3. Nf3 Bb4+ 4. Bd2 Qe7 5. a3 Bxd2+ 6. Qxd2 O-O {E11: Bogo-Indian} 7. Nc3 d5 8. e3 b6 (8... Rd8 9. cxd5 exd5 10. Bd3 Nc6 11. h3 a6 12. Qc2 Na7 13. O-O c6 14. a4 a5 15. Rfe1 g6 {1-0 (63) Postny,E (2615)-Jobava,B (2627) St Petersburg 2018}) 9. cxd5 exd5 {LiveBook: 3 Games} 10. Bd3 c5 11. O-O $146 ({Predecessor:} 11. dxc5 bxc5 12. Nxd5 Nxd5 13. Bxh7+ Kxh7 14. Qxd5 {0-1 (24) Prachar,J (1905)-Fuchs,G (2210) Litomysl 2008}) 11... Rd8 12. Ne5 Bb7 13. Bf5 Nc6 14. f4 g6 15. Bc2 Rac8 ({Better is} 15... Ne4 $11 16. Nxe4 dxe4) 16. Rad1 $14 Kg7 17. Qf2 Ba6 18. Rfe1 b5 19. Bd3 c4 20. Be2 (20. Bb1 $16) 20... Ne4 $132 {[%mdl 2048] Black has counterplay} 21. Nxe4 dxe4 22. Rf1 {[%cal Be1f1,Bf1f2,Bf2h2][%mdl 32]} f6 23. Nxc6 Rxc6 24. Qe1 Bc8 25. Rc1 Be6 26. g4 Bd5 27. Rf2 Qc7 28. h4 a5 29. h5 Bf7 30. hxg6 hxg6 31. Rh2 g5 32. f5 (32. Qg3 $11 gxf4 33. exf4) 32... b4 (32... Rb6 $15) 33. a4 $2 {[%mdl 8192] [#]} (33. Kg2 $11 {and White is okay.} Qb8 34. axb4) 33... Rh8 $1 $19 34. Rxh8 Kxh8 35. Kg2 Kg7 36. Qh1 {[#]} Qb8 $1 37. Kf2 $2 (37. Kf1 {might work better.}) 37... c3 38. bxc3 (38. Qh3 $142 Qh8 39. Qxh8+ Kxh8 40. bxc3) 38... Rxc3 39. Rf1 Rc2 {Precision: White = 48%, Black = 62%.} 0-1

[Event "Asian Zonal 3.3 Women 2019"]
[Site "Ulaanbaatar"]
[Date "2019.04.15"]
[Round "9.6"]
[White "Yanjinlkham, Bayarsaikhan"]
[Black "Sihite, Chelsie Monica Igne"]
[Result "1-0"]
[WhiteElo "1951"]
[BlackElo "2227"]
[Annotator "TA"]
[PlyCount "93"]
[EventDate "2019.04.07"]
[EventType "swiss"]
[EventRounds "9"]
[EventCountry "MGL"]
[SourceTitle "playchess.com"]
[Source "ChessBase"]
[SourceQuality "1"]

{[%evp 9,93,-49,-52,-81,-65,-66,35,21,27,16,34,26,22,28,235,22,0,0,0,0,0,0,31,0,10,0,0,-54,-45,-75,-85,-76,-67,-77,-65,-107,36,37,24,42,80,80,60,77,71,81,119,129,227,227,214,215,209,208,285,202,423,24,125,0,201,204,215,201,252,252,245,245,254,244,275,235,357,362,362,166,172,154,145,144,362,362,362,362,354,345]} 1. d4 b6 2. c4 Bb7 3. f3 (3. Nf3 e6 4. g3 Nf6 5. Bg2 Bb4+ 6. Bd2 a5 7. O-O O-O 8. Bf4 Be7 9. Nc3 Ne4 10. Qd3 Nxc3 11. bxc3 Qc8 12. e4 d6 13. Rfe1 a4 14. Rad1 Ra5 15. h4 Nd7 16. Nd2 Rd8 17. Nf1 h6 {0-1 (72) Sargissian,G (2689)-Predke,A (2622) St Petersburg 2018}) 3... e5 4. e4 $146 ({Predecessor:} 4. dxe5 Qh4+ 5. g3 Qxc4 6. e4 Bb4+ 7. Bd2 Qd4 8. Bxb4 Qxb4+ 9. Qd2 Qe7 10. Nc3 Qxe5 {0-1 (32) Bjelobrk,I (2112)-Garbett,P (2360) Auckland 1999}) 4... exd4 5. Qxd4 Nc6 6. Qd1 {A40: Unusual replies to 1 d4} Bc5 7. Nc3 Bxg1 (7... Nge7 $15) 8. Rxg1 $14 {White is slightly better.} Qh4+ 9. g3 Qxh2 10. Rg2 Qh5 $1 11. Bf4 {Threatens to win with Nb5.} O-O-O $2 {[#]} (11... d6 $11) 12. g4 $2 ({White has to play} 12. Bxc7 $1 $18 {[%mdl 512]} Nf6 (12... Kxc7 13. Nb5+) 13. Bxd8 Rxd8 14. Be2) 12... Qg6 $11 13. Qd2 d6 14. O-O-O Nge7 15. Nd5 Qe6 16. Qc3 Ne5 17. Rgd2 f6 18. g5 ({White should try} 18. c5 $11 dxc5 19. Nxc7 Kxc7 20. Bc4) 18... Kb8 19. gxf6 Nxd5 20. cxd5 Qxf6 21. Bxe5 $1 dxe5 22. Rc2 c6 (22... Rd7 $17) 23. dxc6 $14 Rxd1+ 24. Kxd1 Bxc6 25. Qxc6 $40 {[%mdl 128] Intending Qc7+ and mate. White attacks with force.} Qxf3+ 26. Ke1 $1 Qe3+ 27. Re2 $1 {[%cal Re2e3]} Qg3+ 28. Rf2 $1 {And now Qd6+ would win.} Rd8 (28... Qe3+ $16 {was necessary.} 29. Be2 (29. Re2 Qg3+ 30. Rf2 Qe3+ 31. Be2 Rd8 $14) 29... Rd8) 29. Qc3 $18 Qg5 {intending ...Rc8.} 30. Bh3 Qg1+ 31. Ke2 Qd1+ 32. Ke3 Ka8 $2 (32... Qh5) 33. Qc6+ $2 (33. Be6 $18 {is the precise move to win. White threatens Bd5+ and mate.} Qd4+ 34. Qxd4 exd4+ 35. Kd3) 33... Kb8 $16 {[%csl Gd1][%cal Rd8d3] [#]} 34. Qc3 ({Only move:} 34. Qc2 $1 $16) 34... Qh5 $2 (34... Ka8 $1 $11 {and Black is okay.}) 35. Bf5 $18 Qh6+ 36. Ke2 Qd6 37. Kf1 (37. Bxh7 $6 Qd1+ 38. Ke3 Qh5 $18) 37... g6 38. Bh3 h5 39. Rc2 g5 40. Bf5 g4 (40... Qd3+ $142 41. Qxd3 Rxd3) 41. Kg2 a5 {[#]} 42. Qc6 (42. Be6 $142 $1 {[%mdl 512]}) 42... Qxc6 43. Rxc6 Rd2+ 44. Kg3 Kb7 $2 (44... Rxb2 $16 45. Be6 Rb1) 45. Rh6 {White is winning.} Rxb2 46. Be6 ({Weaker is} 46. Rxh5 Rxa2 47. Be6 (47. Kxg4 Rg2+ 48. Kf3 Rb2 $16) (47. Bxg4 a4 $16) 47... Rd2 $16) 46... Kc7 47. Bd5 {Accuracy: White = 45%, Black = 45%.} ({Much less strong is} 47. Rxh5 Kd6 $18) 1-0

[Event "Asian Zonal 3.3 Women 2019"]
[Site "Ulaanbaatar"]
[Date "2019.04.15"]
[Round "9.7"]
[White "Le, Thanh Tu"]
[Black "Anu, Bayar"]
[Result "1/2-1/2"]
[WhiteElo "2220"]
[BlackElo "2146"]
[Annotator "TA"]
[PlyCount "50"]
[EventDate "2019.04.07"]
[EventType "swiss"]
[EventRounds "9"]
[EventCountry "MGL"]
[SourceTitle "playchess.com"]
[Source "ChessBase"]
[SourceQuality "1"]

{[%evp 20,50,16,12,18,16,21,0,8,-6,0,-18,4,0,29,0,0,0,19,18,5,0,7,-81,-65,-79,47,-21,-14,-16,0,0,0]} 1. d4 Nf6 2. c4 c5 3. d5 e6 4. Nc3 exd5 5. cxd5 g6 6. Nf3 d6 7. g3 Bg7 8. Bg2 O-O 9. O-O Re8 10. h3 a6 11. a4 Ne4 {A62: Modern Benoni: Fianchetto Variation without early ...Nbd7} 12. Nxe4 Rxe4 13. Re1 {[#]} Rb4 $146 ({Predecessor:} 13... Nd7 14. Qc2 Rb4 15. Ra2 b5 16. axb5 Rxb5 17. Bd2 Ne5 18. Nh2 {½-½ (18) Tkachiev,V (2672)-Gdanski,J (2528) Ohrid 2001}) 14. Qc2 a5 15. Ra2 b5 16. e4 Na6 17. Bd2 Rc4 18. Qb3 Rxa4 19. Rxa4 bxa4 20. Qxa4 Nb4 21. Bxb4 (21. Bc3 $1 $11 {remains equal.}) 21... cxb4 $17 22. e5 $1 Bb7 ({Black should try} 22... Bd7 $17 23. Qc2 dxe5 24. Nxe5 Bxe5 25. Rxe5 Qf6) 23. Qb3 (23. Qb5 $14 Rb8 24. e6 fxe6 25. dxe6) 23... dxe5 $11 {The position is equal.} 24. Nxe5 Bxe5 25. Rxe5 Qf6 {Accuracy: White = 19%, Black = 38%.} 1/2-1/2

[Event "Asian Zonal 3.3 Women 2019"]
[Site "Ulaanbaatar"]
[Date "2019.04.15"]
[Round "9.8"]
[White "Mandukhai, Myagmarsuren"]
[Black "Nomindalai, Tumurbaatar"]
[Result "0-1"]
[WhiteElo "1902"]
[BlackElo "1958"]
[Annotator "NA RC"]
[PlyCount "80"]
[EventDate "2019.04.07"]
[EventType "swiss"]
[EventRounds "9"]
[EventCountry "MGL"]
[SourceTitle "playchess.com"]
[Source "ChessBase"]
[SourceQuality "1"]
[TimeControl "40/5400+30:1800+30"]

1. d4 d6 2. c4 e5 3. e4 Nf6 4. Nc3 Nbd7 5. Nf3 Be7 6. Be2 O-O 7. O-O Re8 8. d5 Nc5 9. Qc2 a5 10. Be3 b6 11. Nd2 Ng4 12. Bxg4 Bxg4 13. f3 Bh5 14. a3 Bg5 15. Nd1 Bg6 16. Nb3 Nd7 17. Qd2 Bxe3+ 18. Nxe3 a4 19. Nc1 Qg5 20. Nd3 Nc5 21. Nxc5 bxc5 22. b3 f5 23. exf5 Bxf5 24. b4 cxb4 25. axb4 Rf8 26. Ra3 Rf6 27. c5 Raf8 28. Rxa4 Bh3 29. Qe2 Rf4 30. Kh1 e4 31. gxh3 exf3 32. Qf2 dxc5 33. Ra7 Re4 34. Rxc7 Qe5 35. Qg3 Rxe3 36. bxc5 Qd4 37. d6 f2 38. Qg2 Re1 39. Re7 Rxf1+ 40. Qxf1 Qd5+ 0-1

[Event "Asian Zonal 3.3 Women 2019"]
[Site "Ulaanbaatar"]
[Date "2019.04.15"]
[Round "9.9"]
[White "Nguyen, Thi Mai Hung"]
[Black "Ulziikhishigjargal, Ochirkhuyag"]
[Result "1-0"]
[WhiteElo "2281"]
[BlackElo "1843"]
[Annotator "RC"]
[PlyCount "85"]
[EventDate "2019.04.07"]
[EventType "swiss"]
[EventRounds "9"]
[EventCountry "MGL"]
[SourceTitle "playchess.com"]
[Source "ChessBase"]
[SourceQuality "1"]
[TimeControl "40/5400+30:1800+30"]

1. d4 Nf6 2. c4 e6 3. g3 d5 4. Nf3 dxc4 5. Bg2 c5 6. O-O Nc6 7. Qa4 Bd7 8. Qxc4 b5 9. Qd3 Rc8 10. dxc5 Bxc5 11. Nc3 Nb4 12. Qd2 Bc6 13. Qg5 O-O 14. Qxc5 Nc2 15. Rb1 Bxf3 16. Qxb5 Nd4 17. Qa6 Rxc3 18. exf3 Nxf3+ 19. Kh1 Rd3 20. Be3 Nd2 21. Bxd2 Rxd2 22. Qxa7 Qb8 23. Qxb8 Rxb8 24. a4 Rbxb2 25. Rxb2 Rxb2 26. Ra1 Nd5 27. a5 Kf8 28. a6 Rb8 29. f4 g6 30. Kg1 Ke7 31. Bxd5 exd5 32. Kf2 Kd6 33. Ke3 Kc5 34. Kd3 Rb3+ 35. Kc2 Rb8 36. Kc3 f5 37. a7 Ra8 38. Ra2 h6 39. h4 h5 40. Ra1 Kb6 41. Kd4 Kb7 42. Ra2 Rc8 43. a8=Q+ 1-0

[Event "Asian Zonal 3.3 Women 2019"]
[Site "Ulaanbaatar"]
[Date "2019.04.15"]
[Round "9.10"]
[White "Frayna, Janelle Mae"]
[Black "Khongorzul, Davaakhuu"]
[Result "1-0"]
[WhiteElo "2163"]
[BlackElo "1568"]
[Annotator "TA"]
[PlyCount "77"]
[EventDate "2019.04.07"]
[EventType "swiss"]
[EventRounds "9"]
[EventCountry "MGL"]
[SourceTitle "playchess.com"]
[Source "ChessBase"]
[SourceQuality "1"]

{[%evp 9,77,42,90,84,109,107,200,197,200,199,371,364,348,352,450,441,448,437,452,441,482,487,485,474,470,481,496,487,491,490,527,520,520,520,518,518,545,529,574,562,674,663,665,658,681,709,802,808,898,898,29995,831,956,943,897,870,5114,871,29986,29987,29984,29985,29984,29983,29983,1058,29995,29996,29998,29998]} 1. Nf3 d5 2. g3 Bf5 3. Bg2 h6 (3... e6 4. O-O Nf6 5. c4 c6 6. Qb3 Qb6 7. d3 Nbd7 8. cxd5 exd5 9. Qc2 Qc5 10. Qd1 Be7 11. Nc3 Rd8 12. Be3 Qa5 13. a3 a6 14. b4 Qc7 {½-½ (37) Tomashevsky,E (2710)-Vallejo Pons,F (2717) Tbilisi 2017}) 4. c4 e6 5. Qb3 b6 $146 ({Predecessor:} 5... Nc6 6. Qxb7 Nb4 7. Na3 a6 8. Ne5 Rb8 9. Qa7 Rb6 10. d3 Bd6 11. c5 Bxc5 {1-0 (32) Jossien,A (2325)-Ernst,M (2131) Tatranska Lomnica 2017}) 6. Nc3 {[%cal Rc4d5] A07: Réti Opening: New York and Capablanca Systems} c6 7. Nd4 {[%cal Rc4d5]} Bg6 (7... Be4 $16 8. Nxe4 dxe4) 8. cxd5 $18 {White is clearly better.} exd5 {[#]} 9. Nxd5 $1 {[%mdl 512]} cxd5 $2 (9... Bc5 {was necessary.}) 10. Qxd5 Bc5 11. Nb3 ({Less strong is} 11. Qxa8 Bxd4 12. Qxa7 Nf6 $16) 11... Nf6 12. Qxd8+ ({Don't play} 12. Qxa8 Bd6 $18) 12... Kxd8 13. Bxa8 Re8 14. Bf3 Be4 15. Bxe4 Nxe4 16. Nxc5 Nxc5 17. d4 Nd3+ 18. Kf1 Nb4 19. Bd2 N8c6 20. Bxb4 Nxb4 {[%mdl 4096] Endgame KRR-KRN} 21. e3 Kd7 22. Kg2 f5 23. h3 h5 24. g4 g6 25. gxf5 gxf5 26. Kf3 Ke6 27. Rhg1 Kf6 28. Rac1 Re6 29. Rc7 {[#] Threatening mate with Rcg7.} a5 30. Rgg7 (30. Rcg7 $142 Rxe3+ 31. fxe3 Ke6 32. R1g6+ Kd5 33. b3 Nxa2 34. Rd7#) 30... Re8 31. Rh7 Kg6 32. Rhd7 b5 33. h4 {Intending Rd6+ and mate.} Re6 34. Rg7+ Kh6 35. Rh7+ Kg6 36. Rcg7+ Kf6 37. Rg5 (37. Rb7 $142 Kg6 38. Rhg7+ Kh6 39. Kf4 Rb6 40. Rxb6+ Kxg7 41. Kxf5 Nxa2 42. Rxb5) 37... Nxa2 38. Rgxh5 {[%cal Rh5h6]} f4 39. R5h6+ {Precision: White = 78%, Black = 16%.} 1-0

[Event "Asian Zonal 3.3 Women 2019"]
[Site "Ulaanbaatar"]
[Date "2019.04.15"]
[Round "9.11"]
[White "Bayarmaa, Bayarjargal"]
[Black "Pham, Bich Ngoc"]
[Result "1-0"]
[WhiteElo "2147"]
[BlackElo "2160"]
[Annotator "TA"]
[PlyCount "129"]
[EventDate "2019.04.07"]
[EventType "swiss"]
[EventRounds "9"]
[EventCountry "MGL"]
[SourceTitle "playchess.com"]
[Source "ChessBase"]
[SourceQuality "1"]

{[%evp 30,129,58,49,39,14,39,32,27,0,44,14,15,19,19,22,62,58,57,65,30,30,68,51,153,155,154,154,154,152,149,125,133,123,118,104,104,104,104,82,156,104,163,158,148,153,142,72,133,137,118,66,225,223,213,205,274,299,288,278,256,202,165,57,205,193,167,94,310,8,8,8,8,8,8,8,8,8,141,126,129,98,127,127,112,0,0,0,0,0,0,0,29972,29973,29973,29974,29974,29972,29971,29972,29964,29965]} 1. e4 c5 2. Nf3 Nc6 3. d4 cxd4 4. Nxd4 g6 5. c4 Bg7 6. Be3 Nf6 7. Nc3 O-O 8. Be2 d6 9. O-O Bd7 10. Qd2 Nxd4 11. Bxd4 Bc6 12. f3 a5 13. b3 Nd7 14. Be3 Nc5 15. Rab1 Qb6 16. Kh1 Qb4 {B38: Sicilian: Maroczy Bind with 5...Bg7 and 7...0-0} 17. Rfc1 Rfc8 18. Qe1 {[#]} Qa3 $146 {White is slightly better.} ({Predecessor:} 18... a4 19. a3 Qxa3 20. b4 Nb3 21. Rc2 Qxb4 {0-1 (21) Gelfand,B (2738)-Le,Q (2693) Astana 2012}) 19. Qd2 Qb4 20. Bg5 (20. Qb2 {feels hotter.} Qb6 21. Qc2 Qd8 22. Qd2 b6 23. Nb5) 20... Bxc3 21. Qxc3 Qxc3 22. Rxc3 Bxe4 23. fxe4 Nxe4 {[%mdl 64] Double Attack} 24. Rg3 $1 Nxg3+ 25. hxg3 f6 26. Be3 {[%mdl 1024] White has compensation.} Kf7 (26... a4 $1 $14) 27. Bf3 $16 Rc7 28. a4 $1 e6 29. Rd1 Ke7 30. Kg1 Rd7 31. Kf2 h5 32. Rd2 f5 33. Bg5+ Kf7 34. Ke3 Ra6 (34... Rb8 $142) 35. Kd4 (35. c5 $142 $1) 35... e5+ {[#]} (35... Ra8 $16) 36. Kc3 $1 $18 e4 37. Be2 Rc6 38. Rd5 (38. Be3 $142) 38... b6 (38... Rc5 $142) 39. Be3 $16 Ke6 40. b4 (40. Rb5 $16) 40... Rb7 $2 (40... axb4+ $14 41. Kxb4 Rb7) 41. bxa5 $18 bxa5 42. Rb5 Rxb5 43. axb5 Rc8 44. Bd1 Kd7 45. b6 Kc6 46. Ba4+ Kb7 {[#]} 47. Bd7 $1 {[%cal Rd7c8]} Rf8 48. Be6 h4 $2 (48... Ka6 $16 {keeps fighting.}) 49. c5 $2 ({White should play} 49. gxh4 $18 f4 50. Bd5+ Ka6 51. Bd4) 49... dxc5 $1 $11 50. Bxc5 Rd8 $1 $132 {[%mdl 2048] Black is not keeping still} 51. gxh4 {Threatens to win with Kc4.} Kc6 52. Bd4 a4 53. h5 e3 (53... Rd6 $11 54. Bc8 Rxd4 55. Kxd4 a3) 54. hxg6 $16 Rxd4 55. Kxd4 {[%mdl 4096] Endgame KB-K3P} e2 56. g7 e1=Q 57. g8=Q (57. Bd5+ $16 Kxb6 58. g8=Q Qa1+ 59. Ke3) 57... Qe4+ $11 58. Kc3 {And now Bd5+! would win.} Qe3+ 59. Kc2 {Strongly threatening Qc8+.} Qe2+ 60. Kb1 {Qc8+ is the strong threat.} a3 $2 {[%mdl 8192]} (60... Qe1+ $11 61. Ka2 Qe2+ 62. Ka1 (62. Ka3 Qd3+ 63. Kxa4 Qb5+ 64. Ka3 Qa5+ 65. Kb2 Qe5+ 66. Kc2 Qe4+ 67. Kd2 Qd4+ 68. Ke2 Qe4+ 69. Kd2 Qf4+ 70. Kc2 Qe4+ 71. Kd2 $11) 62... Qf1+ 63. Ka2 Qf2+ 64. Kb1 Qf1+ 65. Ka2 Qe2+ 66. Ka3 Qd3+ 67. Kb4 (67. Kxa4 Qb5+ 68. Ka3 Qa6+ 69. Kb4 Qxb6+ 70. Kc4 Qb5+ 71. Kd4 Qb2+ 72. Ke3 Qe5+ 73. Kd3 Qe4+ 74. Kd2 Qd4+ 75. Ke1 Qe4+ 76. Kf1 Qf4+ 77. Ke2 Qe4+ 78. Kf2 Qf4+ 79. Ke2 Qe4+ 80. Kf1 Qf4+ 81. Ke2 $11) 67... Qb5+ 68. Kc3 (68. Ka3 Qd3+ 69. Kb4 Qb5+ 70. Ka3 Qd3+ $11) 68... Qe5+ 69. Kd3 Qe4+ 70. Kc3 Qe1+ 71. Kc2 (71. Kb2 Qd2+ 72. Ka3 Qd3+ 73. Kxa4 Qb5+ 74. Ka3 Qa5+ 75. Kb2 Qe5+ 76. Kb3 Qb5+ 77. Kc3 Qe5+ 78. Kd3 Qe4+ 79. Kd2 Qd4+ 80. Kc2 Qe4+ 81. Kb2 Qe5+ 82. Kb3 Qb5+ 83. Kc3 Qe5+ 84. Kb3 $11) 71... Qe2+ 72. Kb1 Qd3+ 73. Kb2 Qd2+ 74. Kb1 Qd3+ 75. Kb2 Qd4+ 76. Ka2 Qf2+ 77. Kb1 Qf1+ 78. Ka2) 61. Qc8+ {White mates.} Kxb6 62. Qd8+ Kb5 63. Qd5+ Kb6 64. Qd6+ Kb7 65. Bd5+ {Accuracy: White = 66%, Black = 42%.} 1-0

[Event "Asian Zonal 3.3 Women 2019"]
[Site "Ulaanbaatar"]
[Date "2019.04.15"]
[Round "9.12"]
[White "Amina, Battsooj"]
[Black "Mungunzul, Bat-Erdene"]
[Result "1-0"]
[WhiteElo "2155"]
[BlackElo "1906"]
[Annotator "TA"]
[PlyCount "80"]
[EventDate "2019.04.07"]
[EventType "swiss"]
[EventRounds "9"]
[EventCountry "MGL"]
[SourceTitle "playchess.com"]
[Source "ChessBase"]
[SourceQuality "1"]

{[%evp 13,80,14,26,10,14,14,17,7,8,-7,17,13,19,17,33,25,250,247,245,228,203,216,237,170,156,110,155,75,86,47,67,57,68,35,96,0,0,0,0,-8,-1,-47,-25,-65,0,-7,0,-10,-10,-75,-64,-92,-17,-17,-16,-17,0,0,0,0,0,0,0,0,4,7,71,69,74]} 1. e4 e5 2. Nf3 Nc6 3. Bc4 Bc5 4. O-O Nf6 5. d3 h6 6. c3 d6 7. a4 a6 8. Na3 {C54: Giuoco Piano: 4 c3 Nf6, main lines with 5 d4 and 5 d3} (8. Re1 O-O 9. Nbd2 a5 10. Nf1 Be6 11. Bb5 Na7 12. d4 Nxb5 13. axb5 Bb6 14. dxe5 Ng4 15. Be3 Nxe3 16. Nxe3 dxe5 17. Nxe5 {½-½ (46) Giri,A (2783)-Karjakin,S (2753) St Petersburg 2018}) 8... O-O 9. Nc2 d5 10. exd5 {The position is equal.} Nxd5 11. h3 Nb6 $146 ({Predecessor:} 11... Bf5 12. a5 Qd7 13. Re1 Rfe8 14. Ne3 Nxe3 15. Bxe3 Bf8 {½-½ (31) Mammadova,G (2357)-Batsiashvili,N (2475) Kocaeli 2017}) 12. Bb3 Bf5 13. a5 Nc8 14. d4 Bxc2 $2 (14... exd4 $11 15. Nfxd4 Nxd4 16. Nxd4 Bxd4 17. cxd4 Nd6) 15. Bxc2 $18 ({Don't take} 15. Qxc2 $6 exd4 16. Qf5 Be7 $16) 15... exd4 16. Qd3 {[%csl Gc2][%cal Rd3h7]} g6 17. Bxh6 Re8 18. Bb3 {Intending Qxg6+ and mate.} ({Resist} 18. Qc4 $6 Bf8 $16) 18... Qf6 19. Bg5 Qg7 20. Qc4 (20. Rae1 $142 Nd6 21. Bd2) 20... Ba7 21. cxd4 Nd6 22. Qc2 Bxd4 23. Ba4 Bxb2 (23... Nb5 $14) 24. Ra2 ({Better is} 24. Rab1 $1 $16 {[%cal Rb1b2]} Bc3 25. Rxb7 $1 {[%mdl 576] Remove Defender} Nxb7 26. Bxc6) 24... Bc3 $11 25. Bxc6 bxc6 26. Rc1 Nb5 27. Qa4 Re6 {aiming for ...Bb2.} 28. Rac2 Rae8 (28... c5 $15) 29. Be3 $1 Re4 30. Qa2 Qf6 31. Nd2 (31. Kh1 $11 {keeps the balance.}) 31... R4e6 32. Nb3 Bb4 (32... R6e7 $17) 33. Nc5 Bxc5 34. Rxc5 Rd6 35. Qc4 {[%cal Rc5c6]} Ree6 36. Kh2 Qe7 37. Qg4 Qf6 38. R1c4 Qa1 39. Qg5 Qg7 {[#]} ({Of course not} 39... Qxa5 $6 40. Rh4 $16) (39... Rd1 $11) 40. Bf4 $1 $16 {[%cal Rf4d6][%mdl 1024] White has strong compensation.} Rd4 {Accuracy: White = 52%, Black = 48%.} 1-0

[Event "Asian Zonal 3.3 Women 2019"]
[Site "Ulaanbaatar"]
[Date "2019.04.15"]
[Round "9.13"]
[White "Urangoo, Kherlenzorig"]
[Black "Doan, Thi Hong Nhung"]
[Result "0-1"]
[WhiteElo "1475"]
[BlackElo "1938"]
[Annotator "NA RC"]
[PlyCount "78"]
[EventDate "2019.04.07"]
[EventType "swiss"]
[EventRounds "9"]
[EventCountry "MGL"]
[SourceTitle "playchess.com"]
[Source "ChessBase"]
[SourceQuality "1"]
[TimeControl "40/5400+30:1800+30"]

1. e4 c6 2. d3 d5 3. Nd2 e5 4. Ngf3 Bd6 5. g3 Nf6 6. Bg2 O-O 7. O-O Re8 8. h3 Nbd7 9. g4 Nf8 10. Re1 Qb6 11. Nb3 Ng6 12. Be3 d4 13. Bc1 Qc7 14. Nbd2 Be6 15. Nf1 c5 16. c4 b5 17. b3 bxc4 18. bxc4 Rab8 19. Qc2 Qb7 20. Ng3 Bc7 21. Ba3 Bb6 22. Reb1 Qa6 23. Bc1 Bd7 24. Rb2 Ba4 25. Qe2 Ba5 26. Rab1 Qd6 27. Bg5 Nd7 28. h4 f6 29. Bc1 Bc3 30. Rxb8 Rxb8 31. Rxb8+ Qxb8 32. h5 Qb1 33. Qf1 Ngf8 34. g5 Bc2 35. Bd2 Bxd3 36. Qxb1 Bxb1 37. Bxc3 dxc3 38. Ne1 fxg5 39. a3 Ne6 0-1

[Event "Asian Zonal 3.3 Women 2019"]
[Site "Ulaanbaatar"]
[Date "2019.04.15"]
[Round "9.14"]
[White "Unurzul, Davaakhuu"]
[Black "Enkhsaran, Batsaikhan"]
[Result "1/2-1/2"]
[WhiteElo "1378"]
[BlackElo "1792"]
[Annotator "NA RC"]
[PlyCount "51"]
[EventDate "2019.04.07"]
[EventType "swiss"]
[EventRounds "9"]
[EventCountry "MGL"]
[SourceTitle "playchess.com"]
[Source "ChessBase"]
[SourceQuality "1"]
[TimeControl "40/5400+30:1800+30"]

1. e4 e6 2. Nf3 d5 3. exd5 exd5 4. d4 Bd6 5. Nc3 c6 6. Be3 Bg4 7. Be2 Ne7 8. h3 Bh5 9. Qd2 Nd7 10. Bf4 Qc7 11. Bxd6 Qxd6 12. O-O-O O-O-O 13. g4 Bg6 14. Rhe1 Rhe8 15. h4 h6 16. Bf1 Kb8 17. h5 Be4 18. Nxe4 dxe4 19. Nh4 g6 20. hxg6 fxg6 21. Bg2 Qf6 22. Rh1 Nb6 23. Bf1 Nbd5 24. Re1 Nb6 25. Rd1 Qf7 26. Kb1 1/2-1/2

[Event "Asian Zonal 3.3 Women 2019"]
[Site "Ulaanbaatar"]
[Date "2019.04.15"]
[Round "9.15"]
[White "Udval, Enkhsaikhan"]
[Black "Munkhzul, Davaakhuu"]
[Result "0-1"]
[WhiteElo "1761"]
[BlackElo "1793"]
[Annotator "NA RC"]
[PlyCount "76"]
[EventDate "2019.04.07"]
[EventType "swiss"]
[EventRounds "9"]
[EventCountry "MGL"]
[SourceTitle "playchess.com"]
[Source "ChessBase"]
[SourceQuality "1"]
[TimeControl "40/5400+30:1800+30"]

1. d4 Nf6 2. Nf3 d5 3. c3 e6 4. Bg5 Be7 5. Nbd2 O-O 6. e3 c5 7. Bd3 Nbd7 8. O-O b6 9. Ne5 Bb7 10. f4 Ne4 11. Bxe7 Qxe7 12. Nxd7 Qxd7 13. Qc2 Nxd2 14. Qxd2 f5 15. Rf3 Rf6 16. Rh3 Raf8 17. Qe2 c4 18. Bc2 Rg6 19. Rf1 b5 20. Qh5 Rh6 21. Qf3 Rxh3 22. Qxh3 a5 23. a3 b4 24. axb4 axb4 25. Ra1 Qb5 26. Ba4 Qa6 27. cxb4 Bc6 28. e4 Bxa4 29. exd5 exd5 30. Qa3 Ra8 31. Qe3 Qc6 32. Qe5 g6 33. b5 Qd7 34. Qf6 Rf8 35. Qb6 Bxb5 36. Ra5 Bc6 37. Ra7 Qe6 38. h3 Qe3+ 0-1

[Event "Asian Zonal 3.3 Women 2019"]
[Site "Ulaanbaatar"]
[Date "2019.04.15"]
[Round "9.16"]
[White "Margadgua, Erdenebayar"]
[Black "Anujin, Bat-Amgalan"]
[Result "1-0"]
[WhiteElo "1585"]
[BlackElo "1407"]
[Annotator "NA RC"]
[PlyCount "59"]
[EventDate "2019.04.07"]
[EventType "swiss"]
[EventRounds "9"]
[EventCountry "MGL"]
[SourceTitle "playchess.com"]
[Source "ChessBase"]
[SourceQuality "1"]
[TimeControl "40/5400+30:1800+30"]

1. e4 c5 2. Nf3 g6 3. d4 cxd4 4. Nxd4 Nc6 5. Nc3 Bg7 6. Be3 Nf6 7. Bc4 O-O 8. Bb3 a5 9. O-O Ng4 10. Nxc6 Nxe3 11. Nxe7+ Qxe7 12. fxe3 Bxc3 13. bxc3 Qxe4 14. Qd4 Qe7 15. Bd5 Ra6 16. Rab1 d6 17. e4 Qc7 18. Rf6 b6 19. Rbf1 Ra7 20. Rxf7 Rxf7 21. Rxf7 Qxf7 22. Bxf7+ Rxf7 23. Qxb6 Be6 24. Qxd6 Bc4 25. h3 Bxa2 26. Qd8+ Kg7 27. Qxa5 Be6 28. Qe5+ Rf6 29. g4 Kf7 30. Qc7+ 1-0

[Event "Asian Zonal 3.3 Women 2019"]
[Site "Ulaanbaatar"]
[Date "2019.04.15"]
[Round "9.17"]
[White "Khanyl, Chuluuntuya"]
[Black "Tsogzolmaa, Nanjid"]
[Result "0-1"]
[WhiteElo "1375"]
[BlackElo "1815"]
[Annotator "NA RC"]
[PlyCount "70"]
[EventDate "2019.04.07"]
[EventType "swiss"]
[EventRounds "9"]
[EventCountry "MGL"]
[SourceTitle "playchess.com"]
[Source "ChessBase"]
[SourceQuality "1"]
[TimeControl "40/5400+30:1800+30"]

1. d4 e6 2. Nf3 Nf6 3. Bg5 d5 4. e3 c5 5. c3 Nc6 6. Bd3 c4 7. Bc2 b5 8. Nbd2 Be7 9. O-O O-O 10. Ne5 Nxe5 11. dxe5 Nd7 12. Bxe7 Qxe7 13. f4 f6 14. exf6 Nxf6 15. Nf3 a5 16. a3 Ba6 17. Ne5 Rfc8 18. Qd2 b4 19. axb4 axb4 20. Rfe1 b3 21. Bd1 Ne4 22. Qc1 Bb7 23. Bf3 Nc5 24. Qd2 Ra2 25. Reb1 Rca8 26. Qd1 Qc7 27. Rc1 Rxb2 28. Rxa8+ Bxa8 29. Nxc4 dxc4 30. Bxa8 Ra2 31. Bf3 Nd3 32. Rb1 Qa7 33. Be4 Qxe3+ 34. Kh1 Nf2+ 35. Kg1 Nxd1+ 0-1